Alternatívne formy financovania verejnej dopravnej infraštruktúry ako faktora podporujúceho rozvoj regiónu

Kvalitný dopravný systém ako účinný nástroj európskej a štátnej regionálnej rozvojovej politiky. Budovanie a skvalitňovanie dopravnej infraštruktúry závisí od disponibilných finančných zdrojov. Alternatívne spôsoby získavania dodatočných peňažných prostriedkov: zapojenie konečných užívateľov do fina...

Descrizione completa

Salvato in:
Dettagli Bibliografici
Autore principale: Némethyová, Lucia
Natura: Capitolo di libro
Lingua:slovacco
Soggetti:
Tags: Aggiungi Tag
Nessun Tag, puoi essere il primo ad aggiungerne!!

MARC

LEADER 00000naa$a2200000$$$4500
001 0049395
005 20240502071554.3
041 0 |a slo 
044 |a SK 
245 1 0 |a Alternatívne formy financovania verejnej dopravnej infraštruktúry ako faktora podporujúceho rozvoj regiónu  |c Lucia Némethyová 
520 |a Kvalitný dopravný systém ako účinný nástroj európskej a štátnej regionálnej rozvojovej politiky. Budovanie a skvalitňovanie dopravnej infraštruktúry závisí od disponibilných finančných zdrojov. Alternatívne spôsoby získavania dodatočných peňažných prostriedkov: zapojenie konečných užívateľov do financovania rozvoja dopravnej siete formou spoplatňovania používania dopravnej cesty a spolupráca súkromného a verejného sektora na navrhovaní a budovaní dopravnej infraštruktúry. 
610 2 0 |a doprava verejná 
610 2 0 |a infraštruktúra 
610 2 0 |a financovanie 
610 2 0 |a politika dopravná 
610 2 0 |a regióny 
610 2 0 |a Európska únia 
610 2 0 |a poplatky 
610 2 0 |a partnerstvo verejno-súkromné 
100 1 |a Némethyová, Lucia